| 000 | 01798nam a22003495a 4500 | ||
|---|---|---|---|
| 999 |
_c15607 _d15607 |
||
| 003 | EG-ScBUE | ||
| 005 | 20211005145400.0 | ||
| 008 | 110616k20012000ua a f b 000 0 ara d | ||
| 017 | _a99/7384 | ||
| 020 | _a9773031691 | ||
| 040 |
_aEG-ScBUE _bara _erda _cEG-ScBUE _dEG-ScBUE |
||
| 082 | 0 | 4 |
_a190 _bح ن ف _222 |
| 100 | 1 |
_aحنفي، حسن، _eمؤلف. _916362 |
|
| 245 | 1 | 0 |
_aمن النقل إلى الإبداع / _cحسن حنفي. |
| 264 | 1 |
_aالقاهرة : _bدار قباء للطباعة والنشر، _c2001-2000. |
|
| 300 |
_a3 مجلدات : _bإيضاحيات ؛ _c24 سم |
||
| 336 |
_2rdacontent _aنص _btxt |
||
| 337 |
_2rdamedia _aبدون وسيط _bn |
||
| 338 |
_2rdacarrier _aمجلد _bnc |
||
| 504 | _aيشتمل على إرجاعات ببليوجرافية. | ||
| 505 | 1 | _aمج. 1. النقل. ج. 1، التدوين : (التاريخ - القراءة - الانتحال). ج. 2، النص : (الترجمة - المصطلح - التعليق). ج. 3، الشرح : (التفسير - التلخيص - الجوامع) -- مج. 2. العرض. ج. 1، العرض : (الجزئي والكلي - النسقي - الأدبي) -- مج. 3. الإبداع. ج. 1، تكوين الحكمة : (نقد علم الكلام - الفلسفة والدين - تصنيف العلوم) -- مج. 2. التحول، ج. 3. التراكم | |
| 541 | _cإهداء. | ||
| 650 | 7 |
_aالفلسفة الحديثة. _2BUEsh _916218 |
|
| 650 | 7 |
_aعلم الكلام. _2BUEsh _916065 |
|
| 650 | 7 |
_aالفلسفة الإسلامية. _2BUEsh _98794 |
|
| 650 | 7 |
_aالفلسفة _xتاريخ. _2BUEsh _916457 |
|
| 650 | 7 |
_aما وراء الطبيعة ، علم. _2BUEsh _922244 |
|
| 651 | _2BUEsh | ||
| 653 |
_bGGEN _cNovember2011 _cDecember2017 |
||
| 655 |
_vReading book _934232 |
||
| 942 | _2ddc | ||